Résultats des Matchs de Raimon/Inazuma Japon - Statistiques

Statistiques générales
  • Ce quiz a été pris 239 fois
    235 depuis la dernière actualisation
  • Le résultat moyen est 9 sur 36
Statistiques - réponses
Question Réponse % Correct
Raimon VS Royal Académie (Victoire) 1 - 20
63%
Raimon VS Terria (Victoire) 2 -1
45%
Raimon VS Otaku (Victoire) 2 - 1
43%
Raimon VS Shuriken (Victoire) 2 - 1
43%
Raimon VS Cybertech (Victoire) 2 - 1
41%
Raimon VS Tempête des Gémeaux (Défaite) 0 - 20
36%
Raimon VS Wild (Victoire) 1 - 0
34%
Raimon VS Zeus (Victoire) 4 - 3
33%
Raimon VS Kirkwood (Victoire) 3 - 2
32%
Inazuma Japon VS Empereurs (Défaite) 1 - 2
29%
Inazuma Japon VS Big Waves (Victoire) 2 - 1
29%
Raimon VS Tempête des Gémeaux (Défaite) 0 - 32
27%
Raimon VS Royal Académie (Victoire) 2 - 1
27%
Raimon VS Epsilon (Égalité) 1 - 1
26%
Raimon VS Genesis (Victoire) 4 - 3
26%
Inazuma Japon VS Rois du Football (Victoire) 3 - 2
25%
Raimon VS Chaos (Match Interrompu) 7 - 11
25%
Raimon VS Nouvel Epsilon (Victoire) 2 - 1
23%
Inazuma Japon VS Lions du Déserts (Victoire) 3 - 2
23%
Raimon VS Alpin (Défaite) 0 - 1
22%
Raimon VS Empereurs Noirs (Égalité) 3 - 3
22%
Inazuma Japon VS Orphée (Égalité) 3 - 3
22%
Inazuma Japon VS Dragons de Feu (Victoire) 4 - 3
22%
Inazuma Japon VS Knights of Queen (Victoire) 3 - 2
21%
Raimon VS Triple C (Victoire) 4 - 1
21%
Raimon VS Nouvelle Royal Académie (Égalité) 1 - 1
20%
Raimon VS Diamond Dust (Égalité) 2 - 2
20%
Raimon VS Occulte (Victoire) 4 - 3
19%
Raimon VS Tempête des Gémeaux (Victoire) 2 - 1
18%
Inazuma Japon VS Licornes (Victoire) 4 - 3
17%
Raimon VS Genesis (Défaite) 0 - 20
15%
Inazuma Japon VS Littles Gigantes (Victoire) 3 - 2
14%
Raimon VS Services Secrets (Victoire) 1 - 0
12%
Raimon VS Epsilon (Défaite) 0 - 1
8%
Raimon VS Mary Times Memorial (Victoire) 1 - 0
8%
Raimon VS Fauxshore (Victoire) 4 - 0
5%
Aucun quiz correspondant
Distribution des résultats
% des personnes avec chaque résultat
Percentile par nombre de réponses
Votre historique - résultats
Vous n’avez pas pris ce quiz depuis la dernière actualisation